000
002780000a22000970004500
100
1
_a
Bechtel, Lyn M.
245
1
0
_a
Genesis 2.4b-3.24 : A myth about human maturation
300
_a
Núm 67 (1995), Páginas 3-26
773
0
_t
Journal for the Study of the Old Testament
942
_c
ANA
999
_c
54650
_d
54650